Switching costs,relationship banking and MSMEs formal bank credit in zambai (Record no. 1399)

MARC details
000 -LEADER
fixed length control field 00761nam a22002537a 4500
005 - DATE AND TIME OF LATEST TRANSACTION
control field 20240711140227.0
008 - FIXED-LENGTH DATA ELEMENTS--GENERAL INFORMATION
fixed length control field 240711b |||||||| |||| 00| 0 eng d
040 ## - CATALOGING SOURCE
Original cataloging agency KMU
Transcribing agency KMU
Modifying agency KMU
Description conventions rda
110 ## - MAIN ENTRY--CORPORATE NAME
Corporate name or jurisdiction name as entry element The Zambia Institute for Policy Analysis and Research (ZIPAR)
245 ## - TITLE STATEMENT
Title Switching costs,relationship banking and MSMEs formal bank credit in zambai
Remainder of title /
Statement of responsibility, etc. ZIPAR
260 ## - PUBLICATION, DISTRIBUTION, ETC.
Place of publication, distribution, etc. Lusaka:
Name of publisher, distributor, etc. ZIPAR,
Date of publication, distribution, etc. 2014.
300 ## - PHYSICAL DESCRIPTION
Extent 16 P.:
Other physical details ill.;
Dimensions 28cm
490 ## - SERIES STATEMENT
Materials specified Working paper
Volume/sequential designation N0.20
500 ## - GENERAL NOTE
General note Includes references
610 ## - SUBJECT ADDED ENTRY--CORPORATE NAME
Corporate name or jurisdiction name as entry element Costs
610 ## - SUBJECT ADDED ENTRY--CORPORATE NAME
Corporate name or jurisdiction name as entry element Relationship banking
610 ## - SUBJECT ADDED ENTRY--CORPORATE NAME
Corporate name or jurisdiction name as entry element Bank Credit
610 ## - SUBJECT ADDED ENTRY--CORPORATE NAME
Corporate name or jurisdiction name as entry element Finances
700 ## - ADDED ENTRY--PERSONAL NAME
Personal name Mphuka Chrispine
700 ## - ADDED ENTRY--PERSONAL NAME
Personal name Simumba Joseph
700 ## - ADDED ENTRY--PERSONAL NAME
Personal name Banda Bernard
856 ## - ELECTRONIC LOCATION AND ACCESS
Uniform Resource Identifier <a href="www.zipar.org.zm">www.zipar.org.zm</a>
942 ## - ADDED ENTRY ELEMENTS (KOHA)
Koha item type Serials
Suppress in OPAC No
Holdings
Withdrawn status Lost status Source of classification or shelving scheme Damaged status Not for loan Collection Home library Current library Shelving location Date acquired Source of acquisition Total Checkouts Full call number Barcode Date last seen Price effective from Koha item type
    Dewey Decimal Classification   Not For Loan Non-fiction Kapasa Makasa University Kapasa Makasa University Special Collection 11.07.2024 CBU   ZIPAR(08)WP/20D B3509 11.07.2024 11.07.2024 Serials
        Not For Loan Non-fiction Kapasa Makasa University Kapasa Makasa University Special Collection 11.07.2024 CBU   ZIPAR(08)WP/20C B3508 11.07.2024 11.07.2024 Serials